01017 a2200457 4500000002100000001000700021005001700028008004100045010000500086020000500091082001700096100001700113110000500130245006800135250000500203260004300208300001000251490000700261500000500268600000500273610000500278611000500283630000500288650000500293651000500298654000500303690003100308700002500339710000900364711000500373720000500378730000500383740000500388752000500393856000900398904000500407964001700412965000500429999001500434952011000449BKB 13582120200902152920.0  a a a539.77bK14N1 aKapoor, S.S. a1 aNuclear radiation defectorscby S.S. Kapoor and V.S. Ramamurthy a aNew DelhibNew Age Internationalc2008 a236p. av a a a a a a a a aNuclear radiation; Physics aRamamurthy, V.S.bc abc a a a a a adf a abcdefg a c9119d9119 00104070aCURAJbCURAJd2013-01-16g0.00l1o539.77 K14Np10848r2024-11-21s2022-02-28w2020-09-02yBK